000 00666nam a2200229 a 4500
001 000009455
003 DO-SdBNP
005 20240412074211.0
007 ta
008 090930s1974 dr r 001 p spa d
040 _aDO-SdBNP
_bspa
_cBNPHU
082 4 _aRD861.4
_bH565p
_222
100 1 _aHerrera, Porfirio,
_d1880-
_924259
245 1 0 _aPoesías completas /
_cPorfirio Herrera.
260 _aSanto Domingo :
_bEducativa Dominicana,
_c1974.
300 _axii, 195 p. ;
_c23 cm.
590 _aInventariado, 2018/VM
650 4 _aPoesía dominicana
_966
650 0 _aLiteratura dominicana.
_967
910 _aValidado. Control de calidad. MFF
942 _2ddc
_cLBS1
999 _c9215
_d9215